• 首页
  • 本馆介绍
  • 公告通知
  • 最新文献
  • 馆藏检索
  • 电子资源
  • 读者导购
  • 参考咨询
  • 我的图书馆
  • 登录
  • 详细信息显示
  • 放入我的书架
  • 预约/预借图书
  • 作者相关作品
  • 分类相关作品
  • 丛书相关作品
  • 出版社相关作品

书目信息

  • 表格格式
  • 工作单格式
  • 卡片格式
题名:
母校留念
    
 
作者: 刘心武 著
分册:  
出版信息: 北京   中国少年儿童出版社  1978
页数: 119页
开本: 19cm
丛书名:
单 册:
中图分类: I287.47
科图分类:
主题词: 儿童文学-短篇小说--中国--现代--选集 , 短篇小说-儿童文学--中国--现代--选集
电子资源:
ISBN:
000 00633nam0 2200229 45
001 0178002982
005 20060911112304.59
010    @dCNY0.25
091    @aCN@bR10056.398
100    @a19950721d1978 am y0chiy0121 ea
101 0  @achi
102    @aCN@b110000
105    @ay z 000fy
200 10 @a母校留念@Amu xiao liu nian@f刘心武著
210    @a北京@c中国少年儿童出版社@d1978
215    @a119页@d19cm
606    @a儿童文学-短篇小说@y中国@z现代@x选集
606    @a短篇小说-儿童文学@y中国@z现代@x选集
690    @aI287.47@v3
701  0 @a刘心武@Aliu xin wu@4著
801  0 @aCN@bTSSF@c20060911
905    @a10447@dI287.47@e274
    
    母校留念/刘心武著.-北京:中国少年儿童出版社,1978
    119页;19cm
    
    
    ISBN :CNY0.25
    
●
相关链接 在E读中查询图书 在五车中查询图书 在当当中查询图书 在豆瓣中查询图书


正题名:母校留念     索取号:I287.47/274         预约/预借

序号 登录号 条形码 馆藏地/架位号 状态 备注
1 0443663   204436636   密集书库/ [索取号:I287.47/274] 在馆    
2 0474555   204745552   密集书库/ [索取号:I287.47/274] 在馆    
唐山师范学院图书馆 欢迎您!
大连网信软件有限公司© 版权所有